Science Quiz

Random Science or Astronomy Quiz

Planet by Your Weight Quiz Stats

 Plays Quiz Updated Oct 31, 2018

Score 0/8 Timer 01:00
0 Plays Today
Weight (Pounds) Planet % Correct
60.3Mars
89.8%
60.4Mercury
79.9%
160Earth
73.8%
142.2Uranus
63.4%
145.1Venus
60.6%
170.2Saturn
56.4%
378.2Jupiter
56.3%
180Neptune
45.4%

You're not logged in!

Compare scores with friends on all Sporcle quizzes.
OR
Log In

Sporcle TV

Today on Sporcle TV


Watch our educational content, quiz creation guides, and fun videos on Sporcle TV.

Show Comments

Extras

Top Quizzes Today


Score Distribution

Your Account Isn't Verified!

In order to create a playlist on Sporcle, you need to verify the email address you used during registration. Go to your Sporcle Settings to finish the process.

Report this User

Report this user for behavior that violates our Community Guidelines.

Details: